Catalog

Record Details

Catalog Search



Every breath you take  Cover Image CD Audiobook CD Audiobook

Every breath you take / Mary Higgins Clark & Alafair Burke.

Clark, Mary Higgins, (author.). Burke, Alafair, (author.). Lind, Heather, (narrator.).

Summary:

Forced to team up with Ryan Nichols, television crime solver Laurie Moran investigates a new cold case involving the death of a wealthy woman who was pushed off the roof of the Metropolitan Museum of Art.

Record details

  • ISBN: 9781508238188
  • ISBN: 1508238189
  • Physical Description: 6 audio discs (approximately 7 hr.) : CD audio, digital ; 4 3/4 in.
  • Edition: Unabridged.
  • Publisher: New York : Audioworks/Simon & Schuster Audio, [2017]

Content descriptions

General Note:
Title from container.
Compact discs.
Participant or Performer Note:
Read by Heather Lind.
Subject: Television programs > Fiction.
Television personalities > Fiction.
Murder > Investigation > Fiction.
Genre: Thrillers (Fiction)
Audiobooks.

Available copies

  • 1 of 1 copy available at scottsboropl.

Holds

  • 0 current holds with 1 total copy.
Show Only Available Copies
Location Call Number / Copy Notes Barcode Shelving Location Status Due Date
scottsboropl BK/CD Cla 32269001141723 Adult - Audiobook Available -

LDR 01955cim a2200493Ii 4500
001153169
003CONS
00520200219083940.0
007sd fsngnnmmnud
008170310t20172017nyunnnn f n eng d
020 . ‡a9781508238188 ‡q(sound recording)
020 . ‡a1508238189 ‡q(sound recording)
035 . ‡a(CPomAG)LMN615405
050 4. ‡aPS3553.L287 ‡bE94 2017ab
08204. ‡a813/.54 ‡223
1001 . ‡aClark, Mary Higgins, ‡eauthor.
24510. ‡aEvery breath you take / ‡cMary Higgins Clark & Alafair Burke.
250 . ‡aUnabridged.
264 1. ‡aNew York : ‡bAudioworks/Simon & Schuster Audio, ‡c[2017]
300 . ‡a6 audio discs (approximately 7 hr.) : ‡bCD audio, digital ; ‡c4 3/4 in.
306 . ‡a070000
336 . ‡aspoken word ‡bspw ‡2rdacontent
337 . ‡aaudio ‡bs ‡2rdamedia
338 . ‡aaudio disc ‡bsd ‡2rdacarrier
340 . ‡b4 3/4 in. ‡2rda
344 . ‡adigital ‡boptical ‡c1.2-1.4 m/s ‡gstereo ‡2rda
347 . ‡aaudio file ‡bCD audio ‡2rda
380 . ‡aSound recording
4901 . ‡aFourth book in the Under suspicion series
500 . ‡aTitle from container.
500 . ‡aCompact discs.
5110 . ‡aRead by Heather Lind.
520 . ‡aForced to team up with Ryan Nichols, television crime solver Laurie Moran investigates a new cold case involving the death of a wealthy woman who was pushed off the roof of the Metropolitan Museum of Art.
650 0. ‡aTelevision programs ‡vFiction.
650 0. ‡aTelevision personalities ‡vFiction.
650 0. ‡aMurder ‡xInvestigation ‡vFiction.
655 7. ‡aThrillers (Fiction) ‡2lcgft
655 7. ‡aAudiobooks. ‡2lcgft
7001 . ‡aBurke, Alafair, ‡eauthor.
7001 . ‡aLind, Heather, ‡enarrator.
8001 . ‡aClark, Mary Higgins. ‡tUnder suspicion. ‡sSpoken word ; ‡v4.
914 . ‡aSCP_LP ‡dLMN_cm
959 . ‡i32269001141723 ‡lBK/CD Cla ‡aAdult - Audiobook ‡tAudiobook ‡g35.00
852 . ‡p32269001141723 ‡jBK/CD Cla ‡gAdult - Audiobook ‡cAudiobook ‡y35.00 ‡bSBPL
901 . ‡a153169 ‡bUnknown ‡c153169 ‡tbiblio

Additional Resources